00458cam a22001693a 45000010006000000050017000060080041000230350024000640400031000880200018001190200015001370350021001522450045001732600022002183000028002407200020002685039520230411090002.0070626s2007 xx 000 0 spa d a(OCoLC)ocn156817494 aBTCTAcBTCTAdYDXCPdBAKER a9788483464083 a848346408X a(OCoLC)15681749400aDemocracia Y Extrema Derecha En Francia. bDebolsilloc2007. a494 p. :bil. ;c20 cm. aGallego, Ferran